[Event "Bangalore op 1st"]
[Site "Bangalore"]
[Date "2024.01.23"]
[Round "7"]
[White "Apoorv, Kamble"]
[Black "Das, Sayantan"]
[Result "0-1"]
[WhiteElo "2308"]
[BlackElo "2514"]
[PlyCount "92"]
[EventDate "2024.01.18"]
[EventType "swiss"]
[EventRounds "10"]
[EventCountry "IND"]
[SourceTitle "CB05_2024"]
[SourceDate "2024.01.31"]
[SourceVersion "1"]
[SourceVersionDate "2024.01.31"]
[SourceQuality "1"]

1. e4 c5 2. Nf3 Nc6 3. d4 cxd4 4. Nxd4 e5 5. Nb5 d6 6. c4 Be6 7. N1c3 a6 8. Na3 g6 9. Be3 Nf6 10. Be2 Bg7 11. 0-0 0-0 12. c5 Nd4 13. cxd6 Qxd6 14. Nc4 Qc7 15. Bxd4 exd4 16. Qxd4 b5 17. Qd6 Qd8 18. Qxd8 Raxd8 19. Na5 Rd2 20. Bf3 Rxb2 21. Nd5 Nd7 22. Rfb1 Ne5 23. Rxb2 Nxf3+ 24. gxf3 Bxb2 25. Rb1 Be5 26. Nb3 Bd6 27. Nd4 Bh3 28. Rc1 Kg7 29. Rc6 Rc8 30. Rxc8 Bxc8 31. Kg2 Bb7 32. Ne3 Kf6 33. Ng4+ Ke7 34. h3 Bc5 35. Nc2 Ke6 36. Nge3 a5 37. Ne1 b4 38. Nc4 a4 39. Nd3 Bf8 40. Nf4+ Kf6 41. Kf1 Ba6 42. Nd5+ Kg5 43. Nde3 a3 44. f4+ Kxf4 45. Ke1 Bxc4 46. Nxc4 b3 0-1

[Event "Budapest Vezerkepzo IM Christmas"]
[Site "Budapest"]
[Date "2024.01.02"]
[Round "8"]
[White "Apoorv, Kamble"]
[Black "Cosman, Andreea Marioara"]
[Result "1/2-1/2"]
[WhiteElo "2129"]
[BlackElo "2120"]
[PlyCount "147"]
[EventDate "2023.12.26"]
[EventType "tourn"]
[EventRounds "9"]
[EventCountry "HUN"]
[SourceTitle "CB02_2024"]
[SourceDate "2024.01.10"]
[SourceVersion "1"]
[SourceVersionDate "2024.01.10"]
[SourceQuality "1"]

1. e4 c5 2. Nf3 d6 3. d4 Nf6 4. dxc5 Qa5+ 5. Bd2 Qxc5 6. Nc3 e6 7. Be3 Qa5 8. Nd2 Nc6 9. Nc4 Qd8 10. Bf4 d5 11. exd5 Nxd5 12. Nxd5 exd5 13. Ne5 Bd6 14. Nd3 Be7 15. Be2 0-0 16. 0-0 Bf5 17. Re1 Bf6 18. c3 Qb6 19. Qd2 Rac8 20. h3 Rfd8 21. Bg4 Bxg4 22. hxg4 h6 23. Rac1 a5 24. g5 hxg5 25. Bxg5 Bxg5 26. Qxg5 d4 27. Nf4 Rd6 28. cxd4 Qxd4 29. Rc3 Qf6 30. Qg4 Rcd8 31. Rce3 Rf8 32. Nh5 Qxb2 33. Re8 Qd4 34. R8e4 Qc3 35. Re8 Qd4 36. Qc8 Rd8 37. Rxf8+ Rxf8 38. Qxb7 Ne5 39. Ng3 Nd3 40. Rf1 Nf4 41. Qf3 Rd8 42. Nf5 Qe5 43. Ne3 Ne6 44. Rb1 Rb8 45. Rd1 Qf4 46. Qe2 Qe5 47. Qc4 Rb4 48. Qc6 g6 49. a3 Rh4 50. g3 Rd4 51. Rc1 Kg7 52. Qc3 Re4 53. Nc4 Qxc3 54. Rxc3 Nd4 55. Kg2 Nb5 56. Rc2 a4 57. Kf3 Re1 58. Rb2 Rc1 59. Rxb5 Rxc4 60. Re5 f5 61. Re3 Kf6 62. Rd3 g5 63. Ke3 Ke5 64. Rd8 Rc3+ 65. Rd3 f4+ 66. gxf4+ gxf4+ 67. Kd2 Rc4 68. f3 Rd4 69. Kc3 Rxd3+ 70. Kxd3 Kd5 71. Kc3 Kc5 72. Kd3 Kd5 73. Kc3 Kc5 74. Kd3 1/2-1/2

[Event "Budapest Vezerkepzo IM Christmas"]
[Site "Budapest"]
[Date "2024.01.01"]
[Round "7"]
[White "Chubakov, Sultan"]
[Black "Apoorv, Kamble"]
[Result "0-1"]
[WhiteElo "2073"]
[BlackElo "2129"]
[PlyCount "74"]
[EventDate "2023.12.26"]
[EventType "tourn"]
[EventRounds "9"]
[EventCountry "HUN"]
[SourceTitle "CB02_2024"]
[SourceDate "2024.01.10"]
[SourceVersion "1"]
[SourceVersionDate "2024.01.10"]
[SourceQuality "1"]

1. c4 e5 2. Nc3 Bb4 3. Nd5 Ba5 4. b4 c6 5. bxa5 cxd5 6. cxd5 Qxa5 7. e4 Nf6 8. f3 0-0 9. Bd3 d6 10. Ne2 Bd7 11. 0-0 Ne8 12. g4 Na6 13. Bxa6 Qxa6 14. d4 Rc8 15. a4 Rc4 16. a5 Nc7 17. Bb2 f6 18. Qd2 Rc8 19. g5 Ne8 20. Rfc1 Rxc1+ 21. Rxc1 Rxc1+ 22. Nxc1 Qc4 23. Qc3 Qa4 24. Nb3 exd4 25. Nxd4 Qd1+ 26. Kg2 fxg5 27. Qc1 Qa4 28. Qxg5 Qb4 29. Ba1 h6 30. Qe7 Qd2+ 31. Kg3 Nf6 32. Ne6 Nh5+ 33. Kg4 Qf4+ 34. Kxh5 Qxf3+ 35. Kg6 Qxe4+ 36. Kh5 Qf3+ 37. Kg6 Qg4+ 0-1

[Event "Budapest Vezerkepzo IM Christmas"]
[Site "Budapest"]
[Date "2023.12.27"]
[Round "2"]
[White "Pandey, Srishti"]
[Black "Apoorv, Kamble"]
[Result "1-0"]
[WhiteElo "2195"]
[BlackElo "2129"]
[PlyCount "105"]
[EventDate "2023.12.26"]
[EventType "tourn"]
[EventRounds "9"]
[EventCountry "HUN"]
[SourceTitle "CB02_2024"]
[SourceDate "2024.01.10"]
[SourceVersion "1"]
[SourceVersionDate "2024.01.10"]
[SourceQuality "1"]

1. e4 c6 2. d4 d5 3. e5 c5 4. dxc5 e6 5. a3 Bxc5 6. Nf3 Ne7 7. Bd3 Ng6 8. 0-0 0-0 9. b4 Bb6 10. Bb2 Nc6 11. Re1 Bd7 12. g3 f6 13. exf6 gxf6 14. c4 dxc4 15. Bxc4 Nce5 16. Rxe5 fxe5 17. Nbd2 Bc6 18. Bxe6+ Kg7 19. Qe2 Qf6 20. Bg4 Rad8 21. Rf1 Rfe8 22. Ne4 Bxe4 23. Qxe4 Bd4 24. Bc1 Qc6 25. Qf5 Rf8 26. Qh5 Kh8 27. Bh6 Rf7 28. Ng5 Bxf2+ 29. Rxf2 Qc1+ 30. Kg2 Rxf2+ 31. Kxf2 Qd2+ 32. Be2 Qd4+ 33. Kg2 Qd5+ 34. Qf3 Qxf3+ 35. Bxf3 Rd2+ 36. Kg1 Kg8 37. Bxb7 Ne7 38. Be4 Rd1+ 39. Kg2 Ng6 40. Bf5 Nf8 41. Ne6 Nd7 42. Nc5 Nf6 43. Be6+ Kh8 44. a4 Rb1 45. b5 Rb2+ 46. Kh3 Ng8 47. Bf8 Nf6 48. Bd6 Re2 49. a5 e4 50. b6 axb6 51. axb6 e3 52. b7 Rb2 53. Be5 1-0

[Event "Budapest Vezerkepzo IM 12"]
[Site "Budapest"]
[Date "2023.12.20"]
[Round "7"]
[White "Li, Guohao"]
[Black "Apoorv, Kamble"]
[Result "1/2-1/2"]
[WhiteElo "2233"]
[BlackElo "2129"]
[PlyCount "104"]
[EventDate "2023.12.14"]
[EventType "tourn"]
[EventRounds "9"]
[EventCountry "HUN"]
[SourceTitle "CB52_2023"]
[SourceDate "2023.12.27"]
[SourceVersion "1"]
[SourceVersionDate "2023.12.27"]
[SourceQuality "1"]

1. Nf3 Nf6 2. b3 e6 3. Bb2 d5 4. c4 Be7 5. g3 0-0 6. Bg2 c5 7. cxd5 Nxd5 8. 0-0 Nc6 9. d4 cxd4 10. Nxd4 Nxd4 11. Qxd4 Bf6 12. Qd2 Nf4 13. gxf4 Qxd2 14. Nxd2 Bxb2 15. Rad1 Rb8 16. Nc4 Bf6 17. Ne5 Bxe5 18. fxe5 b6 19. Bf3 Bb7 20. Rd7 Bxf3 21. exf3 a5 22. Rc1 Rbc8 23. Rxc8 Rxc8 24. Rb7 g5 25. Rxb6 Rc5 26. Kg2 Rxe5 27. Rc6 Kg7 28. Rc4 Rd5 29. Kf1 h5 30. Ke2 f5 31. b4 axb4 32. Rxb4 Kf6 33. a4 g4 34. fxg4 hxg4 35. Rb3 f4 36. h3 Re5+ 37. Kf1 Ra5 38. Rb4 gxh3 39. Rxf4+ Kg5 40. Rb4 e5 41. Kg1 Ra8 42. Kh2 Rf8 43. Kg3 Rh8 44. Kh2 Rf8 45. Rb2 Kg4 46. a5 Kf3 47. a6 Ra8 48. Ra2 Ra7 49. Kg1 Rg7+ 50. Kh2 Ra7 51. Kg1 Rg7+ 52. Kh1 Ra7 1/2-1/2

[Event "Budapest FS12 IM"]
[Site "Budapest"]
[Date "2023.12.02"]
[Round "1"]
[White "Apoorv, Kamble"]
[Black "Ojas, Kulkarni"]
[Result "1/2-1/2"]
[WhiteElo "2129"]
[BlackElo "2248"]
[PlyCount "229"]
[EventDate "2023.12.02"]
[EventType "tourn"]
[EventRounds "9"]
[EventCountry "HUN"]
[SourceTitle "CB51_2023"]
[SourceDate "2023.12.20"]
[SourceVersion "1"]
[SourceVersionDate "2023.12.20"]
[SourceQuality "1"]

1. e4 c5 2. Nf3 Nc6 3. d4 cxd4 4. Nxd4 Nf6 5. Nc3 e6 6. Ndb5 Bc5 7. Be3 Bxe3 8. Nd6+ Ke7 9. fxe3 Qc7 10. Nc4 a6 11. a4 Rd8 12. Nd5+ exd5 13. exd5 Kf8 14. d6 Qb8 15. Nb6 a5 16. c4 Ra6 17. c5 Rxb6 18. cxb6 Re8 19. Ra3 Re6 20. Rd3 Ne8 21. Be2 Rxd6 22. 0-0 Rh6 23. g3 d6 24. Rc3 Bd7 25. Bc4 Ne5 26. Bd5 Ke7 27. Qd4 Bc6 28. Bxc6 bxc6 29. b4 Qb7 30. bxa5 c5 31. Rxc5 Nf3+ 32. Rxf3 Qxf3 33. Rc2 Rf6 34. Qd3 Rf5 35. Qe2 Qb7 36. Qd2 Rd5 37. Qg2 Rd1+ 38. Kf2 Qa6 39. Qe4+ Kf8 40. Qc4 Qxa5 41. Rb2 Qe1+ 42. Kg2 Rc1 43. Qe2 Qxe2+ 44. Rxe2 Rb1 45. a5 Ke7 46. Ra2 Kd7 47. Kf3 d5 48. a6 Rxb6 49. a7 Nc7 50. a8Q Rf6+ 51. Kg2 Nxa8 52. Rxa8 Kd6 53. Re8 Re6 54. Rd8+ Ke5 55. Kf3 Rf6+ 56. Ke2 g5 57. Rg8 Kf5 58. Kf3 Ke5+ 59. Ke2 Rg6 60. Re8+ Kf5 61. Re7 Kf6 62. Rd7 Ke6 63. Ra7 g4 64. Ra4 f5 65. Ra7 h6 66. Kd3 Ke5 67. Ra2 Rb6 68. Ke2 Rb3 69. Rd2 Ra3 70. Kf2 Rb3 71. Ke2 Rc3 72. Kf2 Rc1 73. Kg2 Rc4 74. Kf1 Ke4 75. Kf2 h5 76. Ke2 Ra4 77. Kf2 Rb4 78. Ke2 Rc4 79. Kf2 Ke5 80. Ke2 Rc1 81. Kf2 Rc8 82. Ra2 Rb8 83. Rd2 Rh8 84. h4 Ra8 85. Ke2 Ra4 86. Kf2 Ke4 87. Rb2 Rc4 88. Rd2 Rc3 89. Rd4+ Ke5 90. Rd2 Rc4 91. Ra2 Rb4 92. Re2 Rb1 93. Rd2 Ra1 94. Kg2 Ke6 95. Kf2 Kd6 96. Kg2 Ra4 97. Kf2 Ke6 98. Kg2 Ke5 99. Kf2 d4 100. exd4+ Rxd4 101. Re2+ Kd5 102. Re8 f4 103. gxf4 Rxf4+ 104. Kg2 Rf5 105. Ra8 Re5 106. Ra6 Ke4 107. Rf6 Rf5 108. Ra6 Rd5 109. Ra2 Ke3 110. Ra8 Re5 111. Rd8 Kf4 112. Rf8+ Rf5 113. Re8 g3 114. Rg8 Ra5 115. Rxg3 1/2-1/2

[Event "IND-ch U19"]
[Site "Ahmedabad"]
[Date "2023.09.28"]
[Round "11"]
[White "Apoorv, Kamble"]
[Black "Vrandesh, Parekh"]
[Result "1-0"]
[WhiteElo "2201"]
[BlackElo "1839"]
[PlyCount "107"]
[EventDate "2023.09.20"]
[EventType "swiss"]
[EventRounds "11"]
[EventCountry "IND"]
[SourceTitle "EXT 2024"]
[Source "ChessBase"]
[SourceDate "2023.10.10"]
[SourceVersion "1"]
[SourceVersionDate "2023.10.10"]
[SourceQuality "1"]

1. e4 c5 2. Nf3 d6 3. d4 cxd4 4. Nxd4 Nf6 5. f3 e5 6. Nb3 d5 7. Bg5 Be6 8. Bxf6 gxf6 9. exd5 Qxd5 10. Qxd5 Bxd5 11. Nc3 Be6 12. 0-0-0 a6 13. Nd5 Bxd5 14. Rxd5 Nd7 15. Be2 Rc8 16. Rhd1 Rc7 17. Na5 Nb6 18. Rd8+ Ke7 19. Kb1 Bg7 20. Rxh8 Bxh8 21. Bd3 Nc8 22. Bxh7 Nd6 23. g4 Ke6 24. Be4 b6 25. Bd5+ Ke7 26. Nc6+ Kf8 27. Nb4 a5 28. Bb3 Nb5 29. Nd5 Rb7 30. c3 Nd6 31. Ne3 Ke7 32. Bd5 Rb8 33. Be4 b5 34. h4 Rd8 35. Nf5+ Nxf5 36. Rxd8 Kxd8 37. Bxf5 Kc7 38. b4 axb4 39. cxb4 Bg7 40. h5 Kd6 41. Kc2 Kd5 42. Bd7 Kc4 43. a3 Bf8 44. Be8 Bh6 45. Bxf7+ Kd4 46. Kb3 e4 47. fxe4 Kxe4 48. Be8 Kf4 49. Bd7 Bf8 50. Bxb5 Kxg4 51. Be2+ Kf4 52. a4 Ke3 53. a5 Bd6 54. h6 1-0

[Event "IND-ch U19"]
[Site "Ahmedabad"]
[Date "2023.09.26"]
[Round "9"]
[White "Apoorv, Kamble"]
[Black "Kartik, Kumar Singh"]
[Result "1/2-1/2"]
[WhiteElo "2201"]
[BlackElo "1901"]
[PlyCount "79"]
[EventDate "2023.09.20"]
[EventType "swiss"]
[EventRounds "11"]
[EventCountry "IND"]
[SourceTitle "EXT 2024"]
[Source "ChessBase"]
[SourceDate "2023.10.10"]
[SourceVersion "1"]
[SourceVersionDate "2023.10.10"]
[SourceQuality "1"]

1. e4 c5 2. Nf3 d6 3. d4 cxd4 4. Nxd4 Nf6 5. Nc3 g6 6. Be3 Bg7 7. f3 0-0 8. Qd2 Nc6 9. 0-0-0 d5 10. Nxc6 bxc6 11. Bc4 Qc7 12. exd5 cxd5 13. Bb3 Bb7 14. Bh6 Rfd8 15. Bxg7 Kxg7 16. Rhe1 e6 17. Qd4 Qb6 18. Qe5 Qd6 19. Qd4 Qb6 20. Qxb6 axb6 21. Rd4 Bc6 22. Ba4 Bxa4 23. Rxa4 Rac8 24. Rd4 Nd7 25. Rb4 Nc5 26. Rd1 Rc6 27. Rd2 f6 28. Na4 Nxa4 29. Rxa4 e5 30. Ra7+ Kh6 31. h4 Rc4 32. g4 g5 33. Rh2 gxh4 34. Rxh4+ Kg5 35. Rh5+ Kf4 36. Rf7 Kxf3 37. Rxf6+ Rf4 38. Rxb6 e4 39. Kd2 d4 40. Rbh6 1/2-1/2

[Event "Titled Tuesday intern op 26th Sep Early"]
[Site "Chess.com INT"]
[Date "2023.09.26"]
[Round "7"]
[White "Apoorv, Kamble"]
[Black "Pironti, Francisco Ferrari"]
[Result "1-0"]
[WhiteElo "2201"]
[BlackElo "1947"]
[PlyCount "73"]
[EventDate "2023.09.26"]
[EventType "swiss (blitz)"]
[EventRounds "11"]
[EventCountry "USA"]
[SourceTitle "EXT 2024"]
[Source "ChessBase"]
[SourceDate "2023.10.10"]
[SourceVersion "1"]
[SourceVersionDate "2023.10.10"]
[SourceQuality "1"]

1. e4 c5 2. Nf3 d6 3. d4 cxd4 4. Nxd4 Nf6 5. Nc3 a6 6. Be3 e5 7. Nb3 Be7 8. f3 Be6 9. Qd2 h5 10. Nd5 Bxd5 11. exd5 Nbd7 12. 0-0-0 Nb6 13. Qa5 Nfd7 14. f4 exf4 15. Bxf4 0-0 16. Bd3 Bg5 17. Rhf1 Bxf4+ 18. Rxf4 Qg5 19. g3 Rac8 20. Kb1 g6 21. Be4 Nc4 22. Qb4 b5 23. Nd4 a5 24. Qxb5 Nxb2 25. Qxb2 Rb8 26. Nb5 Rxb5 27. Qxb5 Rb8 28. Qxb8+ Nxb8 29. Rd3 Nd7 30. Ra3 Qd8 31. Bd3 Nc5 32. Bb5 Qb6 33. c4 Qd8 34. Re3 Qg5 35. h4 Qd8 36. Re8+ Qxe8 37. Bxe8 1-0

[Event "IND-ch U19"]
[Site "Ahmedabad"]
[Date "2023.09.21"]
[Round "3"]
[White "Apoorv, Kamble"]
[Black "Tejas Shah, Jihan"]
[Result "0-1"]
[WhiteElo "2201"]
[BlackElo "1761"]
[PlyCount "150"]
[EventDate "2023.09.20"]
[EventType "swiss"]
[EventRounds "11"]
[EventCountry "IND"]
[SourceTitle "EXT 2024"]
[Source "ChessBase"]
[SourceDate "2023.10.10"]
[SourceVersion "1"]
[SourceVersionDate "2023.10.10"]
[SourceQuality "1"]

1. e4 c5 2. Nf3 Nc6 3. d4 cxd4 4. Nxd4 g6 5. c4 Bg7 6. Be3 Qb6 7. Nb5 Qa5+ 8. N1c3 Nf6 9. f3 0-0 10. Be2 a6 11. Nd4 Nxd4 12. Bxd4 d6 13. 0-0 Be6 14. Rc1 Rfc8 15. b3 Nd7 16. Bxg7 Kxg7 17. f4 Nf6 18. g4 h6 19. Rf2 g5 20. f5 Bd7 21. Nd5 Bc6 22. Nxe7 Re8 23. Nd5 Bxd5 24. exd5 Qxa2 25. Bf3 Qa3 26. Qc2 Re3 27. Rb1 Rae8 28. Kg2 Qb4 29. Qd2 Rc3 30. h4 Ree3 31. hxg5 hxg5 32. Re1 Qxb3 33. Bd1 Qb6 34. Rxe3 Qxe3 35. Qxe3 Rxe3 36. Rb2 Re7 37. Rb6 Rc7 38. Rxd6 Rxc4 39. Bf3 Nxg4 40. Kg3 Ne5 41. Bd1 Rc3+ 42. Kf2 Rd3 43. f6+ Kh6 44. Be2 Rb3 45. Bd1 Rb1 46. Ke2 g4 47. Rd8 Kg5 48. d6 Kxf6 49. Re8 Rb6 50. Rd8 Ke6 51. Kf2 Rxd6 52. Bb3+ Ke7 53. Rb8 Rb6 54. Bd5 Rb2+ 55. Kg3 b5 56. Kf4 f6 57. Rb6 a5 58. Re6+ Kd7 59. Ra6 a4 60. Kf5 Rf2+ 61. Ke4 g3 62. Kd4 g2 63. Ra7+ Kd6 64. Ra6+ Ke7 65. Re6+ Kd7 66. Ra6 g1Q 67. Ra7+ Ke8 68. Ra8+ Ke7 69. Ra7+ Nd7 70. Kc3 Qc1+ 71. Kb4 Qc5+ 72. Ka5 Qxa7+ 73. Kb4 Qc5+ 74. Ka5 Rb2 75. Bb3 Rxb3 0-1

[Event "Titled Tuesday intern op 19th Sep Early"]
[Site "Chess.com INT"]
[Date "2023.09.19"]
[Round "7"]
[White "Apoorv, Kamble"]
[Black "Kleibel, Uwe"]
[Result "1/2-1/2"]
[WhiteElo "2201"]
[BlackElo "2302"]
[PlyCount "103"]
[EventDate "2023.09.19"]
[EventType "swiss (blitz)"]
[EventRounds "11"]
[EventCountry "USA"]
[SourceTitle "EXT 2024"]
[Source "ChessBase"]
[SourceDate "2023.10.10"]
[SourceVersion "1"]
[SourceVersionDate "2023.10.10"]
[SourceQuality "1"]

1. e4 e5 2. Nf3 Nc6 3. Bc4 Nf6 4. d3 Be7 5. Nc3 0-0 6. Bg5 d6 7. 0-0 Na5 8. Bb3 c6 9. d4 Nd7 10. Bxe7 Qxe7 11. dxe5 dxe5 12. Qe2 Nxb3 13. axb3 Nc5 14. Rfd1 Bg4 15. h3 Bxf3 16. Qxf3 Ne6 17. Ne2 a6 18. Qe3 Rfd8 19. c3 Qc5 20. b4 Qxe3 21. fxe3 Kf8 22. Kf2 Ke7 23. h4 h5 24. Ng3 g6 25. Nf1 Rxd1 26. Rxd1 Rd8 27. Rxd8 Nxd8 28. Nd2 f6 29. Nc4 Kd7 30. Kf3 Nf7 31. g4 Nd6 32. Nd2 Ke6 33. gxh5 gxh5 34. Nf1 Kf7 35. Ng3 Kg6 36. b3 b6 37. Ke2 f5 38. Nxf5 Nxf5 39. exf5+ Kxf5 40. Kf3 e4+ 41. Kg3 a5 42. Kh3 Ke5 43. Kg3 c5 44. bxa5 bxa5 45. c4 Kf5 46. Kh3 Ke5 47. Kg2 Kf5 48. Kg3 Ke5 49. Kh3 Kf5 50. Kg3 Ke5 51. Kh3 Kf5 52. Kg3 1/2-1/2

[Event "Titled Tuesday intern op 19th Sep Early"]
[Site "Chess.com INT"]
[Date "2023.09.19"]
[Round "10"]
[White "Apoorv, Kamble"]
[Black "Ugarte Soto, Cesar"]
[Result "1/2-1/2"]
[WhiteElo "2201"]
[BlackElo "2088"]
[PlyCount "60"]
[EventDate "2023.09.19"]
[EventType "swiss (blitz)"]
[EventRounds "11"]
[EventCountry "USA"]
[SourceTitle "EXT 2024"]
[Source "ChessBase"]
[SourceDate "2023.10.10"]
[SourceVersion "1"]
[SourceVersionDate "2023.10.10"]
[SourceQuality "1"]

1. e4 c5 2. Nf3 g6 3. d4 cxd4 4. Nxd4 Nc6 5. c4 Nf6 6. Nc3 Nxd4 7. Qxd4 Bg7 8. Be3 0-0 9. Qd2 Ng4 10. Bd4 Bh6 11. Qc2 d6 12. h3 Ne5 13. Bxe5 dxe5 14. Rd1 Qa5 15. Be2 Be6 16. 0-0 Rac8 17. Qb3 Qc7 18. Nd5 Bxd5 19. Rxd5 e6 20. Rdd1 b6 21. Qb5 Rfd8 22. Rxd8+ Rxd8 23. Rd1 Bf8 24. a4 Bc5 25. Qb3 Rd4 26. Bf3 Qd6 27. Qc2 Rxd1+ 28. Bxd1 Qd4 29. Bf3 Kg7 30. b3 h5 1/2-1/2

[Event "IND-ch 60th"]
[Site "Pune"]
[Date "2023.08.26"]
[Round "11"]
[White "Krishna, C Revanth Gopala"]
[Black "Apoorv, Kamble"]
[Result "1/2-1/2"]
[WhiteElo "2405"]
[BlackElo "2082"]
[PlyCount "118"]
[EventDate "2023.08.16"]
[EventType "swiss"]
[EventRounds "11"]
[EventCountry "IND"]
[SourceTitle "EXT 2024"]
[Source "ChessBase"]
[SourceDate "2023.10.10"]
[SourceVersion "1"]
[SourceVersionDate "2023.10.10"]
[SourceQuality "1"]

1. d4 Nf6 2. c4 e6 3. Nf3 b6 4. e3 Bb7 5. Bd3 d5 6. 0-0 Bd6 7. Nc3 0-0 8. b3 Nbd7 9. Bb2 a6 10. Rc1 Qe7 11. Qe2 dxc4 12. bxc4 e5 13. e4 Rae8 14. Nd5 Bxd5 15. cxd5 Nxd5 16. exd5 e4 17. Bxa6 exf3 18. Qxf3 Ra8 19. Bc4 Qg5 20. g3 f5 21. Bb5 Nf6 22. a4 f4 23. Rce1 Ng4 24. Qg2 f3 25. Qh3 h5 26. Bd7 Rf6 27. Be6+ Kh8 28. Re4 Rh6 29. Bc1 Qg6 30. Bxh6 Qxe4 31. Bg5 g6 32. Qh4 Kh7 33. Be7 Re8 34. Bxd6 cxd6 35. h3 Nxf2 36. Qxe4 Nxe4 37. Rxf3 Ng5 38. Rb3 Nxe6 39. dxe6 Rxe6 40. Rxb6 Re1+ 41. Kf2 Ra1 42. Rxd6 Rxa4 43. Rd7+ Kg8 44. h4 Ra3 45. d5 Kf8 46. Rb7 Rd3 47. Rb8+ Kf7 48. Rb7+ Kf8 49. Rd7 Ke8 50. Rd6 Kf7 51. Kg2 Kg7 52. Rd7+ Kf6 53. Kf2 Ke5 54. Re7+ Kf5 55. Rf7+ Ke5 56. Rg7 Kf6 57. Rd7 Ke5 58. Re7+ Kf5 59. Rd7 Ke5 1/2-1/2

[Event "IND-ch U13 35th"]
[Site "Puducherry"]
[Date "2022.12.17"]
[Round "10"]
[White "Vignesh Kannan, P."]
[Black "Apoorv, Kamble"]
[Result "0-1"]
[WhiteElo "1733"]
[BlackElo "1814"]
[PlyCount "96"]
[EventDate "2022.12.11"]
[EventType "swiss"]
[EventRounds "11"]
[EventCountry "IND"]
[SourceTitle "EXT 2024"]
[Source "ChessBase"]
[SourceDate "2023.10.10"]
[SourceVersion "1"]
[SourceVersionDate "2023.10.10"]
[SourceQuality "1"]

1. d4 Nf6 2. Bf4 d5 3. e3 c5 4. Nf3 Nc6 5. Nc3 Bg4 6. Be2 e6 7. Nb5 Rc8 8. 0-0 a6 9. Nc3 b5 10. a3 cxd4 11. exd4 Ne4 12. Nxe4 dxe4 13. Nd2 Bxe2 14. Qxe2 Nxd4 15. Qxe4 f5 16. Qe3 Qd5 17. Rac1 Rxc2 18. Rxc2 Nxc2 19. Qa7 Nd4 20. Re1 Qd7 21. Qxa6 Kf7 22. a4 Bb4 23. axb5 Bxd2 24. Bxd2 Nxb5 25. Bf4 Rc8 26. h3 Rc2 27. b3 Nc3 28. Kf1 Rb2 29. Qc4 Ne4 30. Be3 Rxf2+ 31. Kg1 Ra2 32. b4 Qd5 33. Qxd5 exd5 34. Rc1 Rb2 35. Rc7+ Ke6 36. Rb7 Ke5 37. Re7+ Kd6 38. Rb7 g5 39. g3 Kc6 40. Rb6+ Kc7 41. Rb5 Kd6 42. Rb7 Rb3 43. Bc5+ Kc6 44. Rxh7 Rxg3+ 45. Kh2 f4 46. Be7 Nd2 47. Bc5 Nf3+ 48. Kh1 d4 0-1

[Event "IND-ch U13 35th"]
[Site "Puducherry"]
[Date "2022.12.13"]
[Round "5"]
[White "Apoorv, Kamble"]
[Black "Arul, Prakash N"]
[Result "0-1"]
[WhiteElo "1814"]
[BlackElo "1594"]
[PlyCount "84"]
[EventDate "2022.12.11"]
[EventType "swiss"]
[EventRounds "11"]
[EventCountry "IND"]
[SourceTitle "EXT 2024"]
[Source "ChessBase"]
[SourceDate "2023.10.10"]
[SourceVersion "1"]
[SourceVersionDate "2023.10.10"]
[SourceQuality "1"]

1. e4 c5 2. Nf3 d6 3. d4 cxd4 4. Nxd4 Nf6 5. Nc3 a6 6. Be3 e5 7. Nb3 Be6 8. f3 h5 9. Qd2 Nbd7 10. Nd5 Bxd5 11. exd5 g6 12. Be2 Bg7 13. 0-0-0 0-0 14. h3 Nb6 15. Qa5 Nbd7 16. Qb4 Qc7 17. Na5 Rac8 18. c3 b5 19. Nc6 Nb8 20. Nxb8 Rxb8 21. g4 a5 22. Qb3 Qb7 23. a4 bxa4 24. Qxb7 Rxb7 25. Ba6 Rb3 26. Bc4 Rb7 27. f4 a3 28. fxe5 axb2+ 29. Kc2 Ne4 30. Bd4 dxe5 31. Be3 Rc7 32. Kd3 Ng3 33. Rhg1 e4+ 34. Kd2 Rxc4 35. Rxg3 Rxc3 36. Bf4 Rxg3 37. Bxg3 Rc8 38. Bf4 Rc5 39. Ke2 Rxd5 40. Rg1 hxg4 41. hxg4 a4 42. Ke3 Bd4+ 0-1

[Event "Chennai op 13th"]
[Site "Chennai"]
[Date "2022.06.21"]
[Round "4"]
[White "Apoorv, Kamble"]
[Black "Rajesh, VAV"]
[Result "0-1"]
[WhiteElo "1798"]
[BlackElo "2358"]
[PlyCount "74"]
[EventDate "2022.06.19"]
[EventType "swiss"]
[EventRounds "10"]
[EventCountry "IND"]
[SourceTitle "CBM 209 Extra"]
[Source "ChessBase"]
[SourceDate "2022.09.30"]
[SourceVersion "1"]
[SourceVersionDate "2022.09.30"]
[SourceQuality "1"]

1. e4 e5 2. Nf3 Nc6 3. Bc4 Bc5 4. c3 Nf6 5. d3 d6 6. Nbd2 h6 7. h3 a6 8. Bb3 Ba7 9. Nf1 d5 10. Qe2 0-0 11. Ng3 Re8 12. 0-0 Be6 13. Nh4 Nxe4 14. dxe4 Qxh4 15. exd5 Bxd5 16. Bxd5 Qxg3 17. Be3 Qg6 18. Rad1 Bb6 19. Qf3 e4 20. Qf4 Re7 21. Rfe1 Rae8 22. Bxb6 cxb6 23. Re3 Kh8 24. Rg3 Qh5 25. Bb3 Qe5 26. Qh4 Rd8 27. Re1 Rd2 28. Rg4 f5 29. Rg6 Kh7 30. Qh5 Qf4 31. Rf1 Ne5 32. Rxb6 g6 33. g3 Nf3+ 34. Kg2 gxh5 35. gxf4 Rg7+ 36. Kh1 Rxf2 37. Rxb7 Rxf1# 0-1

[Event "IND-ch U18 31st"]
[Site "Pollachi"]
[Date "2022.04.23"]
[Round "11"]
[White "Apoorv, Kamble"]
[Black "Vignesh, B2222"]
[Result "1/2-1/2"]
[WhiteElo "1679"]
[BlackElo "2062"]
[PlyCount "87"]
[EventDate "2022.04.18"]
[EventType "swiss"]
[EventRounds "11"]
[EventCountry "IND"]
[SourceTitle "EXT 2023"]
[Source "ChessBase"]
[SourceDate "2022.10.05"]
[SourceVersion "1"]
[SourceVersionDate "2022.10.05"]
[SourceQuality "1"]

1. e4 c5 2. Nf3 Nc6 3. d4 cxd4 4. Nxd4 e5 5. Nb5 d6 6. Bc4 a6 7. N5c3 Nf6 8. Bg5 Be6 9. Nd5 Bxd5 10. Bxd5 Be7 11. Bxf6 Bxf6 12. 0-0 0-0 13. a4 Rc8 14. Na3 Qc7 15. Qd2 Nd4 16. c3 Ne6 17. g3 Bg5 18. Qe2 Nc5 19. a5 Nd7 20. Nc4 Kh8 21. Rfd1 g6 22. b3 Be7 23. Qc2 Kg7 24. Rd2 h5 25. Qd1 h4 26. Qe2 Rh8 27. Rad1 Nf6 28. Qf3 hxg3 29. fxg3 Rb8 30. Rf2 Rbf8 31. Nb6 Nd7 32. Nxd7 Qxd7 33. Rdf1 Bd8 34. Qd3 f6 35. b4 Be7 36. Qe3 Rc8 37. Rf3 Rc7 38. Qf2 Rf8 39. c4 Rcc8 40. Qa7 Rb8 41. Qf2 Bd8 42. Kh1 Be7 43. Rd1 Qg4 44. Rf1 1/2-1/2